L'administration consultative

Збережено в:
Бібліографічні деталі
Автор: Weber, Yves (Автор)
Формат: Книга
Мова:Французька
Опубліковано: París Librairie Générale de Droit et de Jurisprudence 1968
Серія:Bibliothèque de Droit Public, 82
Предмети:
Теги: Додати тег
Немає тегів, Будьте першим, хто поставить тег для цього запису!

MARC

LEADER 00000nam a2200000 a 4500
001 UCS0565
003 CL-VaPUC
008 970426e19680000FR |||||||||||||||||fre|d
082 0 4 |a 342.064  |b WEB  |2 21 
100 0 |a Weber, Yves  |e author  |9 384227 
245 1 2 |a L'administration consultative 
300 |a 326 p 
942 |c BK 
945 |d 19970426 00:00:00  |a paguirre 
260 |a París  |b Librairie Générale de Droit et de Jurisprudence  |c 1968 
650 0 |a Derecho administrativo  |9 254851 
650 0 |a Administración pública   |9 255343 
650 7 |a CONTENCIOSO ADMINISTRATIVO  |2 CL-VaPUC  |9 255490 
650 0 |a Estado  |9 255503 
583 |a last modification  |c 20130925 08:34:16  |k Rodrigo Vera 
490 0 |a Bibliothèque de Droit Public, 82 
999 |c 258787  |d 258785 
952 |0 0  |1 0  |4 0  |6 342_064000000000000_WEB_1968  |7 0  |8 A  |9 283083  |a BIBDER  |b BIBDER  |d 2019-11-19  |i 183696K  |o 342.064 WEB 1968  |p 183696K  |r 2023-01-25  |w 2019-11-19  |y BK  |k DER